| 000 | 00495nam a22001937a 4500 | ||
|---|---|---|---|
| 003 | OSt | ||
| 005 | 20140310181824.0 | ||
| 008 | 130706t xxu||||| |||| 00| 0 eng d | ||
| 020 | _a1856980146 | ||
| 050 |
_aAG 5 _b.W567 1993 |
||
| 082 |
_aREF 909 _bW57 1993 |
||
| 245 |
_aWhen did it happen : _ba question and answer book about world history |
||
| 260 |
_aLondon : _b Rainbow Books, _c1993 |
||
| 300 | _a93 p. | ||
| 521 | _a | ||
| 541 | _j1 | ||
| 562 | _e1 | ||
| 942 |
_2lcc _cBK-GR _kREF |
||
| 999 |
_c4319 _d4319 |
||